书目信息 |
| 题名: |
建筑工程测量实训指导书
|
|
| 作者: | 李涛会 , 朱胜兰 主编 | |
| 分册: | ||
| 出版信息: | 苏州 苏州大学出版社 2025.01 |
|
| 页数: | 67页 | |
| 开本: | 26cm | |
| 丛书名: | ||
| 单 册: | ||
| 中图分类: | TU198 | |
| 科图分类: | ||
| 主题词: | 建筑测量--jian zhu ce liang | |
| 电子资源: | ||
| ISBN: | 978-7-5672-5105-2 | |
| 000 | 00965nam0 2200253 450 | |
| 001 | 95612 | |
| 005 | 20250902174431.01 | |
| 010 | @a978-7-5672-5105-2@dCNY29.50 | |
| 100 | @a20250228d2025 em y0chiy50 ea | |
| 101 | 0 | @achi |
| 102 | @aCN@b320000 | |
| 105 | @aak z 000yy | |
| 106 | @ar | |
| 200 | 1 | @a建筑工程测量实训指导书@Ajian zhu gong cheng ce liang shi xun zhi dao shu@f主编李涛会, 朱胜兰 |
| 205 | @a第2版 | |
| 210 | @a苏州@c苏州大学出版社@d2025.01 | |
| 215 | @a67页@c图@d26cm@e指导书1册 (67页) | |
| 330 | @a本书共分为14部分, 包括绪论、水准测量、角度测量、距离测量和直线定向、测量误差基本知识、控制测量、地形图的测绘、地形图的应用、施工测量的基本知识、渠道测量、道路工程测量、建筑施工测量、建筑物沉降与变形观测和卫星定位技术。 | |
| 606 | 0 | @a建筑测量@Ajian zhu ce liang |
| 690 | @aTU198@v5 | |
| 701 | 0 | @a李涛会@Ali tao hui@4主编 |
| 701 | 0 | @a朱胜兰@Azhu sheng lan@4主编 |
| 801 | 0 | @aCN@c20250909 |
| 905 | @a河南城建学院图书馆@dTU198@eL270=2:2@f1 | |
| 建筑工程测量实训指导书/主编李涛会, 朱胜兰.-第2版.-苏州:苏州大学出版社,2025.01 |
| 67页:图;26cm+指导书1册 (67页) |
| ISBN 978-7-5672-5105-2:CNY29.50 |
| 本书共分为14部分, 包括绪论、水准测量、角度测量、距离测量和直线定向、测量误差基本知识、控制测量、地形图的测绘、地形图的应用、施工测量的基本知识、渠道测量、道路工程测量、建筑施工测量、建筑物沉降与变形观测和卫星定位技术。 |
| ● |
| 相关链接 |
|
|
|
正题名:建筑工程测量实训指导书
索取号:TU198/L270=2:2
 
预约/预借
| 序号 | 登录号 | 条形码 | 馆藏地/架位号 | 状态 | 备注 |
| 1 | 1629670 | 216296700 | 建筑库101/101建筑库 28排2列3层/ [索取号:TU198/L270=2:2] | 在馆 |